[Event "10th Zudov Mem 2014"]
[Site "Nizhny Tagil RUS"]
[Date "2014.09.18"]
[Round "8.18"]
[White "Yumshanov, Leonid"]
[Black "Matskevich, Ivan"]
[Result "0-1"]
[WhiteElo "1787"]
[BlackElo "1949"]
[WhiteFideId "24140198"]
[BlackFideId "34191930"]
[EventDate "2014.09.11"]

1. e4 c5 2. Nf3 d6 3. d4 cxd4 4. Nxd4 Nf6 5. Nc3 a6 6. Be3 e5 7. Nb3 Be6 8. h3
Nbd7 9. Qf3 Qc7 10. g4 Nb6 11. O-O-O Rc8 12. Kb1 Nfd7 13. Bd3 Nc4 14. Nd5 Bxd5
15. exd5 b5 16. g5 Ndb6 17. Bf5 Rd8 18. Qe4 Na4 19. Bc1 g6 20. Bg4 Na3+ 21. Ka1
Nxc2+ 22. Kb1 Na3+ 23. Ka1 Qc4 24. Nd4 Nc5 25. Qf3 Nc2+ 26. Nxc2 Qxc2 27. Be3
Bg7 28. Rc1 Qa4 29. Bxc5 dxc5 30. Rxc5 O-O 31. Rhc1 e4 32. Qd1 Qd4 33. R1c2
Qxd1+ 34. Bxd1 Bd4 35. Rc6 Rxd5 36. Rxa6 Bxf2 37. Be2 Rxg5 38. a3 Rd8 39. Bxb5
Rxb5 40. Rxf2 Rd1+ 41. Ka2 Re1 42. a4 e3 43. Rff6 Re5 44. Ra7 e2 45. Rfxf7 Ra1+
46. Kxa1 e1=Q+ 47. Ka2 Qb4 48. Rfc7 Qe4 49. b3 Qe2+ 50. Ka3 Qe1 51. Rg7+ Kf8 52.
Rxh7 Qc1+ 53. Kb4 Qc5# 0-1

[Event "10th Zudov Mem 2014"]
[Site "Nizhny Tagil RUS"]
[Date "2014.09.18"]
[Round "8.19"]
[White "Farbshtain, Danil"]
[Black "Guterman, Ilja"]
[Result "0-1"]
[WhiteElo "1659"]
[BlackElo "1883"]
[WhiteFideId "24140074"]
[BlackFideId "24121959"]
[EventDate "2014.09.11"]

1. e4 c5 2. Nf3 Nc6 3. d4 cxd4 4. Nxd4 e6 5. Nc3 a6 6. Be3 Bb4 7. Nxc6 bxc6 8.
Qd4 Bf8 9. Be2 Nf6 10. Bg5 Be7 11. e5 Nd5 12. Bxe7 Qxe7 13. Ne4 O-O 14. O-O Rb8
15. c4 Nf4 16. Rae1 Kh8 17. Qe3 Ng6 18. Qd4 f5 19. exf6 gxf6 20. Bh5 e5 21. Qd2
Nf4 22. Ng3 Qg7 23. f3 d5 24. Qc2 Qg5 25. Bg4 Bxg4 26. fxg4 Qxg4 27. cxd5 cxd5
28. b3 Rbc8 29. Qf5 Qxf5 30. Nxf5 Rc2 31. g3 Nh3+ 32. Kh1 d4 33. Nd6 Kg7 34.
Nf5+ Kg6 35. Nh4+ Kf7 36. Rxe5 Nf2+ 37. Rxf2 Rxf2 38. Rd5 Rc8 39. Nf3 Rc1+ 40.
Ng1 Rff1 41. Rd7+ Kg6 42. h4 h5 43. b4 d3 44. b5 axb5 45. g4 hxg4 46. a4 g3 47.
h5+ Kh6 0-1

[Event "10th Zudov Mem 2014"]
[Site "Nizhny Tagil RUS"]
[Date "2014.09.18"]
[Round "8.20"]
[White "Kolyadin, Alexander"]
[Black "Shishkin, Mikhail"]
[Result "1-0"]
[WhiteElo "1706"]
[BlackElo "1448"]
[WhiteFideId "24145327"]
[BlackFideId "2805656"]
[EventDate "2014.09.11"]

1. d4 d5 2. c4 Nf6 3. cxd5 Nxd5 4. e4 Nf6 5. Nc3 e6 6. a4 a5 7. Bb5+ c6 8. Be2
Bb4 9. Nf3 O-O 10. Bg5 Qc7 11. O-O h6 12. Be3 Bd7 13. Ne5 Be8 14. Bf4 Qe7 15.
Bh5 Nbd7 16. Nxd7 Nxd7 17. e5 Nb6 18. Qg4 f5 19. exf6 Rxf6 20. Bxe8 Qxe8 21. Ne4
Rg6 22. Qe2 Nd5 23. Be5 Rd8 24. Kh1 Qf7 25. f4 Nf6 26. f5 exf5 27. Rxf5 Qe6 28.
Raf1 Be7 29. Qf3 Qd5 30. Bxf6 Rxf6 31. Nxf6+ Bxf6 32. Rxd5 Rxd5 33. Rd1 Bxd4 34.
b3 Bf6 35. Rxd5 cxd5 36. Qxd5+ 1-0

[Event "10th Zudov Mem 2014"]
[Site "Nizhny Tagil RUS"]
[Date "2014.09.19"]
[Round "9.1"]
[White "Bocharov, Dmitry"]
[Black "Savchenko, Boris"]
[Result "0-1"]
[WhiteTitle "GM"]
[BlackTitle "GM"]
[WhiteElo "2575"]
[BlackElo "2608"]
[WhiteFideId "4138716"]
[BlackFideId "4147332"]
[EventDate "2014.09.11"]

1. c4 e5 2. Nc3 Nf6 3. g3 d5 4. cxd5 Nxd5 5. Bg2 Nb6 6. Nf3 Nc6 7. a3 Be7 8. b4
O-O 9. O-O Re8 10. d3 Bf8 11. Bb2 Bg4 12. h3 Be6 13. Rc1 a5 14. b5 Nd4 15. Nd2
Qd7 16. h4 Rab8 17. a4 Bb4 18. e3 Nf5 19. Nde4 f6 20. Ne2 Rbd8 21. d4 Nc4 22.
Ba1 Ncxe3 23. fxe3 Nxe3 24. Qd3 Nxg2 25. Rxf6 Ne1 26. Rxe1 Bxe1 27. Rf1 Bb4 28.
Ng5 g6 29. Ne4 Rf8 30. Nf6+ Rxf6 31. Rxf6 Bf5 32. Qc4+ Qd5 33. Qc1 Be7 34. Rxf5
gxf5 35. Qxc7 Bb4 36. Kh2 Re8 37. dxe5 Qa2 38. e6 Qxe2+ 39. Kh1 Qd1+ 40. Kh2
Qe2+ 41. Kh1 Qe1+ 42. Kh2 Be7 0-1

[Event "10th Zudov Mem 2014"]
[Site "Nizhny Tagil RUS"]
[Date "2014.09.19"]
[Round "9.2"]
[White "Demchenko, Anton"]
[Black "Goganov, Aleksey"]
[Result "1/2-1/2"]
[WhiteTitle "GM"]
[BlackTitle "GM"]
[WhiteElo "2588"]
[BlackElo "2608"]
[WhiteFideId "4160258"]
[BlackFideId "24109959"]
[EventDate "2014.09.11"]

1. e4 d6 2. d4 Nf6 3. f3 c5 4. c3 d5 5. e5 Nfd7 6. f4 Nc6 7. Nf3 cxd4 8. cxd4
Nb6 9. Nc3 Bg4 10. Be3 e6 11. h3 Bf5 12. Kf2 Be7 13. Bd3 Bxd3 14. Qxd3 O-O 15.
b3 f6 16. Rhd1 Rc8 17. Kg1 Qe8 18. a3 Qg6 19. Ne2 Qxd3 20. Rxd3 Rc7 21. Rc3 Rfc8
22. Kf1 Nd7 23. Bd2 b5 24. a4 bxa4 25. Rxa4 Nb6 26. Ra1 Nb4 27. Rxc7 Rxc7 28.
exf6 gxf6 29. f5 exf5 30. Ng3 Bf8 31. Nxf5 Nc6 32. Rc1 Rc8 33. g4 Ne7 34. Nxe7+
Bxe7 35. Ra1 Rc7 36. Ke2 Kf7 37. Kd3 Nc8 38. Ra5 Rd7 39. Nh4 Bd8 40. Ra6 Rb7 41.
Kc2 Ne7 42. Bc3 Bb6 43. Ra1 Rc7 44. Kd3 Ng6 45. Ng2 Re7 46. Ba5 Bxa5 47. Rxa5
Rb7 48. Kc3 Rc7+ 49. Kd2 Rb7 50. Kc3 Rc7+ 51. Kd3 Rb7 1/2-1/2

[Event "10th Zudov Mem 2014"]
[Site "Nizhny Tagil RUS"]
[Date "2014.09.19"]
[Round "9.3"]
[White "Shomoev, Anton"]
[Black "Andriasian, Zaven"]
[Result "1-0"]
[WhiteTitle "GM"]
[BlackTitle "GM"]
[WhiteElo "2568"]
[BlackElo "2622"]
[WhiteFideId "4135148"]
[BlackFideId "13302000"]
[EventDate "2014.09.11"]

1. e4 c5 2. Nf3 d6 3. d4 cxd4 4. Nxd4 Nf6 5. Nc3 a6 6. f3 e5 7. Nb3 Be7 8. Be3
O-O 9. Qd2 Be6 10. O-O-O a5 11. a4 Nc6 12. g4 Nb4 13. Kb1 Rc8 14. h4 d5 15. g5
Ne8 16. exd5 Bf5 17. Na1 Nd6 18. h5 Qd7 19. h6 g6 20. Rh2 Rfe8 21. Bb6 Bd8 22.
Bxd8 Qxd8 23. Qe3 Qd7 24. Qb6 Qc7 25. Qxc7 Rxc7 26. Bb5 Rec8 27. Re2 f6 28. gxf6
Rxc3 29. bxc3 Rxc3 30. Rxe5 Kf7 31. Rde1 Nxb5 32. axb5 Kxf6 33. d6 Rxf3 34. Re8
Kg5 35. R8e7 Rf2 36. R7e2 Rxe2 37. Rxe2 Nd5 38. Re5 Nb6 39. Nb3 1-0

[Event "10th Zudov Mem 2014"]
[Site "Nizhny Tagil RUS"]
[Date "2014.09.19"]
[Round "9.4"]
[White "Yuffa, Daniil"]
[Black "Maletin, Pavel"]
[Result "1/2-1/2"]
[WhiteTitle "IM"]
[BlackTitle "GM"]
[WhiteElo "2449"]
[BlackElo "2570"]
[WhiteFideId "24131423"]
[BlackFideId "4146786"]
[EventDate "2014.09.11"]

1. d4 d5 2. c4 c6 3. Nf3 Nf6 4. e3 Bg4 5. Qb3 Qb6 6. Ne5 Bh5 7. Nc3 e6 8. h3
Nfd7 9. Nd3 Qxb3 10. axb3 Bg6 11. Kd1 Na6 12. Nf4 Nb4 13. Nxg6 hxg6 14. Bd2 Be7
15. Na2 Nxa2 16. Rxa2 a6 17. Bd3 f5 18. Kc2 Kf7 19. Raa1 Nf6 20. f3 Bd6 21. Rhf1
Ke7 22. Rae1 Raf8 23. Re2 Kd7 24. Ree1 Ke7 25. Re2 Kd7 26. Ree1 Ke7 1/2-1/2

[Event "10th Zudov Mem 2014"]
[Site "Nizhny Tagil RUS"]
[Date "2014.09.19"]
[Round "9.5"]
[White "Harutjunyan, Gevorg"]
[Black "Kryakvin, Dmitry"]
[Result "1-0"]
[WhiteTitle "GM"]
[BlackTitle "GM"]
[WhiteElo "2444"]
[BlackElo "2562"]
[WhiteFideId "13300873"]
[BlackFideId "4153278"]
[EventDate "2014.09.11"]

1. e4 c5 2. Nf3 Nc6 3. d4 cxd4 4. Nxd4 Nf6 5. Nc3 d6 6. Bc4 e6 7. Be3 Be7 8. Qe2
O-O 9. Bb3 a6 10. O-O-O Qe8 11. Rhg1 Nd7 12. Nxc6 bxc6 13. g4 d5 14. Ba4 Bb7 15.
g5 Bb4 16. exd5 exd5 17. Nxd5 cxd5 18. Qg4 Ne5 19. Qxb4 Bc6 20. Bb3 a5 21. Qf4
Qe6 22. a4 Rfe8 23. h4 Rab8 24. Bd4 Ng6 25. Qg4 Qd6 26. Rge1 Rxe1 27. Rxe1 Bxa4
28. h5 Bd7 29. Qg3 Qf4+ 30. Kb1 Qxg3 31. fxg3 Nf8 32. Bxd5 Be6 33. Bf3 Nd7 34.
Re3 Rb5 35. g6 hxg6 36. hxg6 Rg5 37. gxf7+ Kxf7 38. Bc6 Nf6 39. b3 Rg4 40. Bc3
Rg5 41. Kb2 Rc5 42. Ba4 Rg5 43. Be5 Nd5 44. Rf3+ Kg8 45. Bd4 Rg4 46. c3 Rg5 47.
Ka3 Ne7 48. c4 Nf5 49. Bf2 Nd6 50. Be3 Re5 51. Bf4 Rf5 52. Re3 Nxc4+ 53. bxc4
Bxc4 54. Re5 Rxe5 55. Bxe5 Kh7 56. Kb2 Kh6 57. Kc3 Be6 58. Kd4 g5 59. Bc7 Kh5
60. Bd1+ 1-0

[Event "10th Zudov Mem 2014"]
[Site "Nizhny Tagil RUS"]
[Date "2014.09.19"]
[Round "9.6"]
[White "Yudin, Sergei"]
[Black "Ovetchkin, Roman"]
[Result "1/2-1/2"]
[WhiteTitle "GM"]
[BlackTitle "GM"]
[WhiteElo "2545"]
[BlackElo "2524"]
[WhiteFideId "4159659"]
[BlackFideId "4119991"]
[EventDate "2014.09.11"]

1. e4 c6 2. d4 d5 3. f3 Qb6 4. Nc3 dxe4 5. Bc4 Nf6 6. Bb3 Na6 7. fxe4 e5 8. dxe5
Ng4 9. Qf3 Nxe5 10. Qg3 Ng6 11. Nf3 Nc5 12. Be3 Qb4 13. a3 Qa5 14. O-O Nxb3 15.
cxb3 Bc5 16. Nd4 Bxd4 17. Bxd4 O-O 18. b4 Qh5 19. Bc5 Rd8 20. h3 Be6 21. Rad1
Rxd1 22. Rxd1 b6 23. Bd6 Rd8 24. Rf1 f6 25. Bb8 Ne5 26. Bxe5 Qxe5 27. Qxe5 fxe5
28. Rd1 Rxd1+ 29. Nxd1 g5 30. g4 Kg7 31. Kf2 Bc4 32. Ne3 Bd3 33. Kf3 Kf6 34. Nf5
Bf1 35. Ne3 Bd3 36. Nf5 Bf1 37. Ne3 Bd3 38. Nf5 Bf1 1/2-1/2

[Event "10th Zudov Mem 2014"]
[Site "Nizhny Tagil RUS"]
[Date "2014.09.19"]
[Round "9.7"]
[White "Matsenko, Sergei"]
[Black "Trefilov, Alexey"]
[Result "1-0"]
[WhiteTitle "IM"]
[BlackTitle "FM"]
[WhiteElo "2485"]
[BlackElo "2220"]
[WhiteFideId "4170083"]
[BlackFideId "4171721"]
[EventDate "2014.09.11"]

1. Nf3 c5 2. c4 Nf6 3. g3 g6 4. Bg2 Bg7 5. O-O O-O 6. Nc3 Nc6 7. d4 cxd4 8. Nxd4
Ng4 9. e3 Nge5 10. b3 d6 11. h3 Nxd4 12. exd4 Nc6 13. Be3 Bd7 14. Rc1 Rc8 15. d5
Nb4 16. Qd2 b6 17. Ne2 Na6 18. Nd4 Nb8 19. Rfe1 Re8 20. Bg5 Rc7 21. Re2 Bxd4 22.
Qxd4 f6 23. Bf4 Bc8 24. Rce1 Kf7 25. g4 Na6 26. g5 f5 27. h4 Nc5 28. h5 Rg8 29.
h6 Nb7 30. b4 Qe8 31. Rxe7+ Qxe7 32. Rxe7+ Rxe7 33. Bxd6 Nxd6 34. Qf6+ Ke8 35.
Qxd6 Rf8 36. c5 1-0

[Event "10th Zudov Mem 2014"]
[Site "Nizhny Tagil RUS"]
[Date "2014.09.19"]
[Round "9.8"]
[White "Smirnov, Alexey"]
[Black "Dilmukhametov, Artur"]
[Result "1-0"]
[WhiteElo "2466"]
[BlackElo "2157"]
[WhiteFideId "4168437"]
[BlackFideId "24179922"]
[EventDate "2014.09.11"]

1. c4 Nf6 2. Nf3 e6 3. d4 Bb4+ 4. Bd2 Qe7 5. Nc3 Nc6 6. a3 Bxc3 7. Bxc3 d6 8.
Qc2 O-O 9. e3 a5 10. Bd3 e5 11. d5 Nb8 12. Ng5 h6 13. h4 c6 14. O-O-O b5 15.
cxb5 cxd5 16. Nh7 Nxh7 17. Bxh7+ Kh8 18. Bf5 Bb7 19. a4 Nd7 20. Kb1 Nc5 21. h5
Ne6 22. Qd2 Nc5 23. Bc2 Qc7 24. g4 d4 25. exd4 Ne4 26. Qd3 f5 27. gxf5 Nxc3+ 28.
bxc3 Bxh1 29. Rxh1 Rf6 30. dxe5 dxe5 31. Rd1 Rc8 32. Qg3 Rd6 33. Rxd6 Qxd6 34.
Kb2 Qf6 35. Qe3 Rd8 36. Be4 Qd6 37. Kb3 Rc8 38. Bc2 Kg8 39. Qd3 Qc5 40. f6 e4
41. Qg3 Qd5+ 42. Kb2 Qg5 43. Qxg5 hxg5 44. Bxe4 gxf6 45. b6 Rb8 46. b7 Kf7 47.
Kb3 f5 48. Bg2 Ke6 49. f4 g4 50. Kc4 Kd6 51. Kb5 Kc7 52. Ka6 g3 53. Ka7 Rh8 54.
h6 Re8 55. h7 Rh8 56. c4 Re8 57. c5 Rh8 58. Bd5 Rb8 59. Bg8 1-0

[Event "10th Zudov Mem 2014"]
[Site "Nizhny Tagil RUS"]
[Date "2014.09.19"]
[Round "9.11"]
[White "Ginosyan, Razmik"]
[Black "Khegay, Dmitriy"]
[Result "1-0"]
[BlackTitle "FM"]
[WhiteElo "2048"]
[BlackElo "2375"]
[WhiteFideId "24190144"]
[BlackFideId "24153729"]
[EventDate "2014.09.11"]

1. e4 d6 2. d4 Nf6 3. Nc3 e5 4. dxe5 dxe5 5. Qxd8+ Kxd8 6. Bc4 Ke8 7. Nf3 Bd6 8.
Bg5 Nbd7 9. O-O-O a6 10. a4 b6 11. Bxf6 Nxf6 12. Ng5 Rf8 13. Nd5 Ng4 14. Nxb6
cxb6 15. Rxd6 b5 16. Bd5 Rb8 17. a5 Ke7 18. Rc6 Nf6 19. Rc7+ Bd7 20. Rd1 Rfc8
21. Ra7 Rc5 22. Nxf7 Rbc8 23. Rd2 Nxd5 24. exd5 R8c7 25. d6+ 1-0

[Event "10th Zudov Mem 2014"]
[Site "Nizhny Tagil RUS"]
[Date "2014.09.19"]
[Round "9.12"]
[White "Solovjev, Nikolay2"]
[Black "Romanov, Sergej"]
[Result "1-0"]
[WhiteTitle "FM"]
[WhiteElo "2311"]
[BlackElo "2125"]
[WhiteFideId "24112127"]
[BlackFideId "34196940"]
[EventDate "2014.09.11"]

1. d4 Nf6 2. c4 g6 3. Nc3 Bg7 4. e4 d6 5. Nf3 O-O 6. Be2 e5 7. O-O Nc6 8. d5 Ne7
9. a4 Nd7 10. Ne1 f5 11. Nd3 a5 12. f3 f4 13. b3 g5 14. Ba3 Nf6 15. c5 Rf7 16.
Rc1 h5 17. Nb5 Ne8 18. Nxc7 Nxc7 19. cxd6 Nexd5 20. Nxe5 Bxe5 21. dxc7 Qf6 22.
Qxd5 Be6 23. c8=Q+ Rxc8 24. Rxc8+ Bxc8 25. Bc4 Kg7 26. Qxf7+ Qxf7 27. Bxf7 Kxf7
28. Rd1 Be6 29. b4 axb4 30. Bxb4 Bb3 31. Rd7+ Ke6 32. Re7+ Kf6 33. a5 b5 34.
Rxe5 1-0

[Event "10th Zudov Mem 2014"]
[Site "Nizhny Tagil RUS"]
[Date "2014.09.19"]
[Round "9.13"]
[White "Matskevich, Ivan"]
[Black "Novoselov, Roman"]
[Result "1/2-1/2"]
[WhiteElo "1949"]
[BlackElo "2225"]
[WhiteFideId "34191930"]
[BlackFideId "4135067"]
[EventDate "2014.09.11"]

1. e4 d5 2. exd5 Qxd5 3. Nc3 Qd6 4. d4 c6 5. Nf3 Bg4 6. Be2 Nf6 7. h3 Bxf3 8.
Bxf3 e6 9. O-O Nbd7 10. Re1 Be7 11. Ne2 Nb6 12. Qd3 O-O 13. Bf4 Qd7 14. Red1
Rad8 15. Qb3 Qc8 16. c4 c5 17. Rac1 cxd4 18. Nxd4 Nfd7 19. Nb5 e5 20. Be3 Nc5
21. Nxa7 Qe6 22. Bxc5 Bxc5 23. Nb5 e4 24. Rxd8 Rxd8 25. Re1 f5 26. Be2 Qe5 27.
Qc3 Qf4 28. Rf1 Na4 29. Qc2 Qd2 30. Qxa4 Qxe2 31. Nc3 Qxb2 32. Nd5 Qe5 33. Qb5
Bd6 34. g3 h5 35. h4 Qd4 36. Qxb7 Qxc4 37. Ne7+ Bxe7 38. Qxe7 Rf8 39. Qg5 Qxa2
40. Qxh5 f4 41. Qg4 Rf6 42. Rd1 Qf7 43. Rd8+ Kh7 44. Qc8 Qe6 45. Rh8+ Kg6 46.
Qc5 Qf5 47. h5+ Kg5 48. gxf4+ Kh4 49. Qxf5 1/2-1/2

[Event "10th Zudov Mem 2014"]
[Site "Nizhny Tagil RUS"]
[Date "2014.09.19"]
[Round "9.14"]
[White "Guterman, Ilja"]
[Black "Drygalov, Sergey"]
[Result "0-1"]
[WhiteElo "1883"]
[BlackElo "2224"]
[WhiteFideId "24121959"]
[BlackFideId "24171743"]
[EventDate "2014.09.11"]

1. d4 d5 2. c4 c6 3. Nf3 Nf6 4. Nc3 e6 5. Bg5 h6 6. Bxf6 Qxf6 7. e3 Nd7 8. Bd3
g6 9. O-O Bg7 10. e4 dxc4 11. e5 Qe7 12. Bxc4 O-O 13. Re1 b5 14. Bb3 Bb7 15. Rc1
Rad8 16. Qe2 c5 17. Nxb5 Bxf3 18. gxf3 cxd4 19. Nxd4 Nxe5 20. Nc6 Qg5+ 21. Kh1
Nxc6 22. Rxc6 Rd2 23. Qe3 Qxe3 24. fxe3 Rxb2 25. Rc2 Rxc2 26. Bxc2 Rc8 27. Bb3
Rc3 28. Kg2 Bf6 29. e4 Kf8 30. Rd1 Ke7 31. Kf2 Be5 32. h3 h5 33. Ke2 Bc7 34. Rd3
Rc5 35. Ba4 Bb6 36. f4 Rc4 37. Rd7+ Kf8 38. Bb3 Rxe4+ 39. Kf3 Re3+ 40. Kg2 Kg7
41. Rb7 h4 42. Rd7 Kf6 43. Rb7 Rg3+ 44. Kh2 Rf3 45. Rd7 Rxf4 0-1

[Event "10th Zudov Mem 2014"]
[Site "Nizhny Tagil RUS"]
[Date "2014.09.19"]
[Round "9.15"]
[White "Mukhina, Jana"]
[Black "Makhnev, Petr"]
[Result "1/2-1/2"]
[WhiteElo "1972"]
[BlackElo "1519"]
[WhiteFideId "34115428"]
[BlackFideId "24193470"]
[EventDate "2014.09.11"]

1. e4 e6 2. d4 d5 3. Nd2 Nf6 4. e5 Nfd7 5. Bd3 c5 6. c3 Qb6 7. Ne2 Nc6 8. Nf3
cxd4 9. cxd4 Qb4+ 10. Qd2 Nb6 11. O-O Nc4 12. Qc2 Bd7 13. a3 Qb6 14. b3 N4a5 15.
b4 Nc4 16. Bxc4 dxc4 17. Qxc4 Rc8 18. Qd3 Ne7 19. Nc3 Nd5 20. Nxd5 exd5 21. Qb3
Bb5 22. Re1 Bc4 23. Qa4+ Bb5 24. Qb3 Bc4 25. Qe3 Be7 26. Qf4 O-O 27. Qg4 Bd3 28.
e6 f5 29. Qg3 Be4 30. Ne5 Qxd4 31. Be3 Qb2 32. Nd7 Rfe8 33. Bxa7 Rc2 34. Rad1
Re2 35. f3 Bh4 36. Rxe2 Qxe2 37. Qxh4 Qxd1+ 38. Kf2 Qd2+ 39. Kg3 Bc2 40. Bf2 f4+
41. Qxf4 1/2-1/2

[Event "10th Zudov Mem 2014"]
[Site "Nizhny Tagil RUS"]
[Date "2014.09.19"]
[Round "9.16"]
[White "Drygalov, Andrey"]
[Black "Radzhabov, Rodion"]
[Result "1-0"]
[WhiteElo "2147"]
[BlackElo "1994"]
[WhiteFideId "24171735"]
[BlackFideId "884715"]
[EventDate "2014.09.11"]

1. e4 c5 2. Nf3 Nc6 3. d4 cxd4 4. Nxd4 Qc7 5. Nc3 e6 6. Be3 a6 7. Bd3 Nf6 8. O-O
Be7 9. Kh1 O-O 10. f4 d6 11. Qf3 Bd7 12. Rae1 e5 13. Nb3 exf4 14. Bxf4 Ne5 15.
Qe2 Nxd3 16. cxd3 b5 17. Bg5 Be6 18. Nd4 b4 19. Nd1 Ne8 20. Bxe7 Qxe7 21. Ne3 g6
22. Qd2 Qb7 23. Nxe6 fxe6 24. Rxf8+ Kxf8 25. Rf1+ Kg8 26. Ng4 Qg7 27. Nh6+ Kh8
28. Rf7 1-0

[Event "10th Zudov Mem 2014"]
[Site "Nizhny Tagil RUS"]
[Date "2014.09.19"]
[Round "9.17"]
[White "Dashevskaya, Larisa"]
[Black "Komarov, Alexander"]
[Result "1/2-1/2"]
[WhiteElo "2030"]
[BlackElo "2106"]
[WhiteFideId "4178106"]
[BlackFideId "4178360"]
[EventDate "2014.09.11"]

1. d4 Nf6 2. Nf3 d5 3. e3 Bf5 4. Be2 e6 5. O-O Bd6 6. b3 Nbd7 7. Bb2 c6 8. Ne5
Qc7 9. f4 Ne4 10. Nd2 f6 11. Nd3 O-O 12. c4 b6 13. Nxe4 Bxe4 14. Bg4 Rae8 15. h4
e5 16. fxe5 fxe5 17. Rxf8+ Rxf8 18. Bxd7 Qxd7 19. Nxe5 Qf5 20. Qe2 dxc4 21.
Qxc4+ Bd5 22. Qe2 Qe4 23. h5 Rf5 24. Rf1 Rxh5 25. Rf4 Qb1+ 26. Rf1 Qe4 27. Rf4
Qb1+ 28. Rf1 Qe4 29. Rf4 Qb1+ 30. Rf1 Qe4 31. Rf4 Qb1+ 32. Rf1 Qe4 33. Rf4 Qb1+
34. Rf1 Qe4 35. Rf4 Qb1+ 36. Rf1 Qe4 37. Rf4 Qb1+ 38. Rf1 Qe4 39. Rf4 Qb1+ 40.
Rf1 Qe4 41. Rf4 Qb1+ 1/2-1/2

[Event "10th Zudov Mem 2014"]
[Site "Nizhny Tagil RUS"]
[Date "2014.09.19"]
[Round "9.18"]
[White "Scherbakov, Mikhail"]
[Black "Kopjonkin, Kirill"]
[Result "0-1"]
[WhiteElo "1988"]
[BlackElo "2073"]
[WhiteFideId "34130184"]
[BlackFideId "24140090"]
[EventDate "2014.09.11"]

1. e4 c5 2. Nf3 Nc6 3. Bb5 d6 4. O-O e5 5. Bxc6+ bxc6 6. h3 g6 7. d3 Rb8 8. b3
Bg7 9. Nbd2 f5 10. Nc4 Nf6 11. Nfd2 f4 12. c3 O-O 13. Re1 Be6 14. Nf3 Ne8 15. d4
cxd4 16. cxd4 exd4 17. Nxd4 Bxc4 18. bxc4 Qb6 19. Nb3 Bxa1 20. Nxa1 Qb1 0-1

[Event "10th Zudov Mem 2014"]
[Site "Nizhny Tagil RUS"]
[Date "2014.09.19"]
[Round "9.19"]
[White "Lupynin, Viacheslav"]
[Black "Povodyr, Alexander"]
[Result "1-0"]
[WhiteElo "2031"]
[BlackElo "1811"]
[WhiteFideId "24193461"]
[BlackFideId "4195361"]
[EventDate "2014.09.11"]

1. e4 e5 2. Nf3 Nc6 3. d4 exd4 4. Nxd4 Nf6 5. Nxc6 bxc6 6. e5 Nd5 7. c4 Ne7 8.
Bg5 h6 9. Bh4 g5 10. Bg3 Nf5 11. Bd3 Nxg3 12. hxg3 Bg7 13. O-O Kf8 14. f4 Qe7
15. Nc3 gxf4 16. gxf4 Qc5+ 17. Kh1 h5 18. Qf3 a5 19. Rae1 a4 20. Qe2 Ra5 21. Ne4
Qe7 22. Qd2 Qh4+ 23. Kg1 Ra8 24. Ng5 d6 25. Qe3 Bh6 26. exd6 Bxg5 27. fxg5 Qg4
28. Qe7+ 1-0

[Event "10th Zudov Mem 2014"]
[Site "Nizhny Tagil RUS"]
[Date "2014.09.19"]
[Round "9.20"]
[White "Chapkovskiy, Jakov"]
[Black "Kolyadin, Alexander"]
[Result "1-0"]
[WhiteElo "1827"]
[BlackElo "1706"]
[WhiteFideId "24140066"]
[BlackFideId "24145327"]
[EventDate "2014.09.11"]

1. e4 c6 2. d4 d5 3. Nc3 e6 4. Nf3 h6 5. Bf4 Bb4 6. Bd3 Qa5 7. Bd2 Bxc3 8. Bxc3
Qc7 9. Ne5 Nf6 10. Qf3 Nbd7 11. Qg3 Nh5 12. Qg4 Ndf6 13. Qf3 dxe4 14. Bxe4 Nxe4
15. Qxe4 Nf6 16. Qf3 Bd7 17. Qg3 Rg8 18. Bd2 Qb6 19. Nc4 Qxd4 20. Nd6+ Ke7 21.
Qa3 Qe5+ 22. Be3 c5 23. f4 Qd5 24. Bxc5 Qxg2 25. Nxb7+ Ke8 26. Nd6+ Ke7 27.
O-O-O a5 28. Nb5+ Kd8 29. Bb6+ Kc8 30. Nd6+ Kb8 31. Qb3 Bc6 32. Rhg1 Qf3 33.
Be3+ Bb7 34. Nxf7 Qc6 35. Rd6 Qc7 36. Rgd1 Rc8 37. Ne5 a4 38. Qd3 Be4 39. Qb5+
Qb7 40. Qxb7+ Kxb7 41. Rb6+ Kc7 42. Rxe6 Kb8 43. c3 Bd5 44. Re7 a3 45. Nd7+ Nxd7
46. Rxd5 axb2+ 47. Kxb2 Rc6 48. Rdxd7 1-0

[Event "10th Zudov Mem 2014"]
[Site "Nizhny Tagil RUS"]
[Date "2014.09.19"]
[Round "9.22"]
[White "Shishkin, Mikhail"]
[Black "Farbshtain, Danil"]
[Result "1/2-1/2"]
[WhiteElo "1448"]
[BlackElo "1659"]
[WhiteFideId "2805656"]
[BlackFideId "24140074"]
[EventDate "2014.09.11"]

1. d4 Nf6 2. c4 g6 3. Nc3 d5 4. cxd5 Nxd5 5. Nf3 Bg7 6. e4 Nxc3 7. bxc3 c5 8.
Bb2 Qa5 9. Qd2 Nc6 10. Be2 Bg4 11. dxc5 Qxc5 12. O-O O-O 13. a4 Bxf3 14. Bxf3
Ne5 15. Be2 Rfd8 16. Qc2 Rac8 17. Rfd1 Nc4 18. Bxc4 Qxc4 19. Rxd8+ Rxd8 20. Re1
Rd3 21. Re3 Rxe3 22. fxe3 Bh6 23. Kf2 f5 24. exf5 Qh4+ 25. Kf3 Qh5+ 26. Kf2
Qxf5+ 27. Qxf5 gxf5 28. c4 Kf7 29. Bd4 b6 30. Be5 Ke6 31. Bb8 a6 32. Ba7 f4 33.
Bxb6 Kd6 34. a5 e5 35. e4 Bf8 36. Kf3 h5 37. g3 Bh6 38. g4 h4 39. h3 Bg5 40. Ba7
Kc7 41. Bc5 Kd7 1/2-1/2